000 00771nam a2200253Ia 4500
003 OSt
005 20220925172059.0
006 a|||||r|||| 00| 0
007 ta
008 220923b |||||||| |||| 00| 0 eng d
037 _cGeneral Book
040 _aRTL
_cRTL
_beng
041 _2eng
_aeng
082 _aX9(J):(Z).2.N7, L1
100 _aJha S C
_9104699
245 0 _aCritical analysis of Indian land reform studies
260 _aBombay
_bAsian studies Press India
_c1971
300 _a119p.
_ccm.
490 _aINDIAN INSTITUTE OF ASIAN STUDIES PUBLICATION
500 _aBibliography P 110-18, Appendix P 103-09
650 _aLand Reforms Industry
942 _hX9(J):(Z).2.N7, L1
_cGB
_2CC
999 _c484208
_d484208